{"text_format":"3","workbook":"xls","n_sheets":2,"sheets":["邳州公司","巨野分公司"],"read":"whole","date_system":"1900","formulas":"cached_only"}

{"sheet":"邳州公司","index":0,"n_rows":19,"n_cols":13,"rows_kept":19,"merged":[[0,2,0,11],[1,2,1,11],[2,2,2,11]],"flags":["formulas_cached_only"]}
[null,null,"五金收料统计日报表"]
[null,null,"日期： 2019    年    6  月  18  日                             填表人： 梅瑞雪"]
[null,null,"单位：大力神管桩有限公司"]
[null,"入库单号","品名","规格","数量","单位","单价","金额","供应商名称","联系方式","采购员","检验员","备注"]
[null,"WIN0050921","氧气",null,8,"瓶",28,224,"邳州苏源制氧有限公司",null,"戴春举","马娇梅"]
[null,null,"乙炔",null,7,"瓶",56,392]
[null,"WIN0050922","氧气",null,2,"瓶",28,56,"邳州苏源制氧有限公司",null,"戴春举","李秦"]
[null,null,"二氧",null,5,"瓶",39,195]
[null,null,"乙炔",null,3,"瓶",56,168]
[null,"WIN0050923","油漆（吉人漆）","2KG",5,"桶",30,150,"邳州辉腾商贸有限公司",null,"戴春举","于中民","乐化牌调和漆"]
[null,null,"松香水",null,2,"桶",75,150,{"$nulls":3},"梅瑞雪"]
[null,"WIN0050924","自粘胶带","J-20",14,"卷",5,70,"现金（邳州石荣海建材五金）",null,"戴春举","梅瑞雪","舒适"]
[null,null,"氧气表",null,2,"个",40,80,{"$nulls":3},"梅瑞雪","欧利斯"]
[null,null,"氧气管",null,2,"根",90,180,{"$nulls":3},"梅瑞雪","欧利斯"]
[null,null,"紫铜连杆","500A",20,"只",3.5,70,{"$nulls":3},"李秦","紫铜连接杆"]
[null,null,"强光手电",null,2,"个",45,90,{"$nulls":3},"于中民","安备"]
[null,null,"手电筒",null,2,"个",20,40,{"$nulls":3},"梅瑞雪","金莱特"]
[null,"WIN0050925","轴承",32316,5,"个",130,650,"现金（邳州市滚动轴承经销部）",null,"戴春举","吕臣辉"]
[null,null,"轴承","RN309M",10,"个",35,350,{"$nulls":3},"汤旭","tmb"]

{"sheet":"巨野分公司","index":1,"n_rows":57,"n_cols":12,"rows_kept":57,"merged":[[0,0,0,11],[1,0,1,11],[2,0,2,11]],"flags":["formulas_cached_only"]}
["五金收料统计日报表"]
["日期： 2019  年 06月18 日                             填表人： 杨振华"]
["单位：江苏大力神管桩有限公司巨野分公司"]
["入库单号","品名","规格","数量","单位","单价","金额","供应商名称","联系方式","采购员","检验员","备注"]
["WIN008931","搅拌中臂 下壳",null,10,"套",750,7500,"马鞍山市嘉坤机械配件销售部",null,"王成军","甘星允"]
["WIN008932","交流接触器线圈","CTX1-170-205  380V",4,"个",678,2712,"台儿庄区四海电料经营部",null,"张传朋","甘星允"]
[null,"交流接触器","CJX1-85-380",4,"个",278,1112,"台儿庄区四海电料经营部",null,"张传朋","甘星允"]
[null,"交流接触器","CJX1-6511 220V",3,"个",178,534,"台儿庄区四海电料经营部",null,"张传朋","甘星允"]
["WIN008933","交流接触器","CJX1-1810",5,"个",38,190,"台儿庄区四海电料经营部",null,"张传朋","甘星允"]
[null,"交流接触器","CJX1-2501",5,"个",46,230,"台儿庄区四海电料经营部",null,"张传朋","甘星允"]
[null,"交流接触器","CJX1-9511",10,"个",255,2550,"台儿庄区四海电料经营部",null,"张传朋","甘星允"]
["WIN008966","胶",801,6,"个",15,90,"巨野县亚美涂料",null,"张传朋","甘星允"]
["WIN008967","风镐钎","17*60",10,"个",15,150,"巨野县德双赢汽保工具",null,"张传朋","甘星允"]
["WIN008968","黄漆","中黄12KG",2,"桶",135,270,"巨野县嘉盛五金机电",18753016988,"张传朋","甘星允"]
[null,"施工线",null,1,"卷",5,5,"巨野县嘉盛五金机电",18753016988,"张传朋","甘星允"]
["WIN008969","空调","天松牌",1,"套",1600,1600,"巨野县浩硕电器销售有限公司",null,"张传朋","甘星允"]
["WIN008970","按钮","NB9-3",5,"个",48,240,"巨野县乾兴机电批发中心",null,"张传朋","甘星允"]
["WIN008971","墨汁",null,48,"瓶",2.5,120,"巨野县晨风文具商行",null,"张传朋","甘星允"]
["WIN008972","三角带","B1321",10,"条",7.9,79,"巨野县耐驰三角带经销部",null,"张传朋","甘星允"]
["WIN008973","防晒网","4米*14米",1.6,"斤",56,89.60000000000001,"巨野县金增百货商店",null,"张传朋","甘星允"]
["WIN008974","钢丝绳轮(含轴）",null,3,"套",85,255,"巨野县麒麟镇瑞麟机床加工厂",18253062776,"张传朋","甘星允"]
[null,"手绞轮","220*450",1,"套",260,260,"巨野县麒麟镇瑞麟机床加工厂",18253062776,"张传朋","甘星允"]
["WIN008975","氧气",null,8,"瓶",30,240,"巨野县巨泰气体二站",18765016777,"张传朋","甘星允"]
[null,"乙炔",null,5,"瓶",65,325,"巨野县巨泰气体二站",18765016777,"张传朋","甘星允"]
["WIN008976","电脑打印纸","241-4-3",5,"盒",45,225,"巨野县晨风文具商行",null,"张传朋","甘星允"]
[null,"中性笔芯",null,4,"盒",12,48,"巨野县晨风文具商行",null,"张传朋","甘星允"]
["WIN008977","AB胶",null,24,"支",6.5,156,"巨野县兴强轴承销售中心",null,"张传朋","甘星允"]
["WIN008978","镰刀",null,2,"把",10,20,"巨野县科峰五金",null,"张传朋","甘星允"]
["WIN008979","齿轮",null,2,"个",null,0,"嘉祥县嘉祥镇二德五金门市部",null,"张传朋","甘星允"]
[null,"减速机轴",null,1,"根",null,0,"嘉祥县嘉祥镇二德五金门市部",null,"张传朋","甘星允"]
["WIN008980","混泥土振动电机","0.75KW",2,"个",220,440,"嘉祥县嘉祥镇二德五金门市部",null,"张传朋","甘星允"]
[null,"钢丝绳","8#",80,"米",3,240,"嘉祥县嘉祥镇二德五金门市部",null,"张传朋","甘星允"]
["WIN008981","导绳器","3T",6,"个",45,270,"巨野县隆亿起重机配件销售部",null,"张传朋","甘星允"]
["WIN008982","轴承",30217,8,"个",54,432,"巨野县兴强轴承销售中心",null,"张传朋","甘星允"]
[null,"直接","16#",50,"个",2,100,"巨野县兴强轴承销售中心",null,"张传朋","甘星允"]
["WIN008983","角铁","5*5",5,"根",75,375,"巨野县冯建正彩钢瓦销售处",null,"张传朋","甘星允"]
["WIN008995","离心机轴","120*4",5,"件",1215.6,6078,"徐州金圣达商贸有限公司",null,"王成军","甘星允"]
[null,"离心机轴","120*3.2",1,"件",957,957,"徐州金圣达商贸有限公司",null,"王成军","甘星允"]
[null,"离心机轴","120*2.3",2,"件",699,1398,"徐州金圣达商贸有限公司",null,"王成军","甘星允"]
[{"$nulls":6},0]
[{"$nulls":6},0]
[{"$nulls":6},0]
[{"$nulls":6},0]
[{"$nulls":6},0]
[{"$nulls":6},0]
[{"$nulls":6},0]
[{"$nulls":6},0]
[{"$nulls":6},0]
[{"$nulls":6},0]
[{"$nulls":6},0]
[{"$nulls":6},0]
[{"$nulls":6},0]
[{"$nulls":6},0]
[{"$nulls":6},0]
[{"$nulls":6},0]
[{"$nulls":6},0]
[{"$nulls":3},2]